Electrical power equipment maintenance and testing (Record no. 725)

000 -LEADER
fixed length control field 00624nam a2200217 a 4500
001 - CONTROL NUMBER
control field 725
003 - CONTROL NUMBER IDENTIFIER
control field BD-DhUET
008 - FIXED-LENGTH DATA ELEMENTS--GENERAL INFORMATION
fixed length control field 080701s2009 flua b 001 0 eng
020 ## - INTERNATIONAL STANDARD BOOK NUMBER
International Standard Book Number 9781574446562
040 ## - CATALOGING SOURCE
Original cataloging agency DLC
Transcribing agency DLC
Modifying agency BD-DhUET
082 00 - DEWEY DECIMAL CLASSIFICATION NUMBER
Classification number 623.19
Item number GIL/2009
100 ## - MAIN ENTRY--PERSONAL NAME
Personal name Gill, Paul
245 10 - TITLE STATEMENT
Title Electrical power equipment maintenance and testing
250 ## - EDITION STATEMENT
Edition statement 2nd ed.
260 ## - PUBLICATION, DISTRIBUTION, ETC. (IMPRINT)
Place of publication, distribution, etc. Boca Raton
Name of publisher, distributor, etc. CRC Press
Date of publication, distribution, etc. 2009.
300 ## - PHYSICAL DESCRIPTION
Extent xxxviii, 961 p.
Other physical details ill.
Dimensions 25 cm.
504 ## - BIBLIOGRAPHY, ETC. NOTE
Bibliography, etc Includes bibliographies.
650 #0 - SUBJECT ADDED ENTRY--TOPICAL TERM
Topical term or geographic name as entry element Electric power systems
856 41 - ELECTRONIC LOCATION AND ACCESS
Uniform Resource Identifier http://www.loc.gov/catdir/toc/ecip0822/2008029371.html
942 ## - ADDED ENTRY ELEMENTS (KOHA)
Koha item type General Book
Holdings
Koha date last seen Location (home branch) Damaged status Date acquired Shelving location Koha date last borrowed Koha issues (times borrowed) Not for loan Koha item type Koha full call number Price effective from Source of classification or shelving scheme Lost status Withdrawn status Piece designation (barcode) Sublocation or collection (holding branch) Koha normalized classification for sorting Copy number
2014-08-19Central Library, BUET 2014-08-19Circulation section   General Book623.19/GIL/20092014-08-19   109231Central Library, BUET623_190000000000000_GIL_20091
2021-09-21Central Library, BUET 2016-10-01Circulation section2021-09-211 General Book623.19/GIL/20092016-10-01   114926Central Library, BUET623_190000000000000_GIL_20092